000 01437nam0a22002891 4500
001 rc\2289057
005 20110829134915.6
035 _a(NLR Aleph) 006465720
090 _a5882571
_c5882571
100 _a20110829d1979 |||y0rusy50 ca
101 0 _arus
102 _aRU
105 _aa z |||||
200 1 _aОпыт ликвидации открытых фонтанов с помощью наклонно направленных скважин на Мангышлаке и полуострове Бузачи
_fК.А. Фриев, Т.К. Мурзабеков
210 _aМосква
_cВНИИОЭНГ
_d1979
215 _a15 с.
_cил.
_d20
225 1 _aЭкспресс-информация
_fМ-во нефт. пром-сти, ВНИИ орг., упр. и экономики нефтегаз. пром-сти. Нефтяная промышленность
_iСерия "Бурение"
_iПередовой производственный опыт
300 _aНа обл. только загл. сер.
320 _aБиблиогр.: с. 15
702 1 _aМурзабеков
_bТ. К.
_4220
702 1 _aФриев
_bК. А.
_4220
712 0 2 _aВНИИ организации, управления и экономики нефтегазовой промышленности
_3RU\NLR\AUTH\889941164
801 0 _aRU
_bNLR
_gpsbo
801 1 _aRU
_bELAR
_2rusmarc
852 _aNLR
_j80-4/6785
942 _cBOOK
980 _aNB